The Athletic's 100 Greatest College Football Rivalries - Statistics

General Stats
  • This quiz has been taken 167 times
  • The average score is 168 of 200
Answer Stats
Rank Rivalry Nickname & Trophy Conference Answer % Correct
1. The Game Big Ten Michigan
99%
16. Battle for the Paul Bunyan Trophy Big Ten Michigan
99%
18. N/A Big Ten Michigan
99%
47. N/A Big Ten Michigan
99%
51. Little Brown Jug Big Ten Michigan
99%
94. Battle of the Bricks MAC Ohio
99%
2. Iron Bowl — Foy-ODK Sportsmanship Trophy SEC Alabama
98%
11. Third Saturday In October SEC Alabama
98%
13. First Saturday In November SEC Alabama
98%
50. N/A SEC Alabama
98%
55. N/A SEC Alabama
98%
9. Sunshine Showdown — Florida Cup SEC Florida
98%
12. World's Largest Outdoor Cocktail Party — Okefenokee Oar SEC Florida
98%
36. Third Saturday In September SEC Florida
98%
58. Florida Cup — Seminole War Canoe SEC Florida
98%
64. N/A SEC Florida
98%
3. Red River Rivalry — Golden Hat SEC Texas
98%
15. Lone Star Showdown SEC Texas
98%
38. N/A SEC Texas
98%
7. Florida Cup ACC Florida State
97%
9. Sunshine Showdown — Florida Cup ACC Florida State
97%
52. The Bowden Bowl ACC Florida State
97%
12. World's Largest Outdoor Cocktail Party — Okefenokee Oar SEC Georgia
97%
17. Deep South's Oldest Rivalry SEC Georgia
97%
31. Clean, Old Fashioned Hate — Governor's Cup SEC Georgia
97%
50. N/A SEC Georgia
97%
53. N/A SEC Georgia
97%
76. N/A SEC Georgia
97%
85. Border War SEC Georgia
97%
1. The Game Big Ten Ohio State
97%
8. N/A Big Ten Ohio State
97%
84. Illibuck Trophy Big Ten Ohio State
97%
3. Red River Rivalry — Golden Hat SEC Oklahoma
97%
6. N/A SEC Oklahoma
97%
25. Bedlam — Bedlam Bell SEC Oklahoma
97%
2. Iron Bowl — Foy-ODK Sportsmanship Trophy SEC Auburn
96%
17. Deep South's Oldest Rivalry SEC Auburn
96%
16. Battle for the Paul Bunyan Trophy Big Ten Michigan State
96%
45. Battle for the Megaphone Trophy Big Ten Michigan State
96%
65. Land Grant Trophy Game Big Ten Michigan State
96%
4. Commander-in-Chief's Trophy American Army
95%
39. Dakota Marker Missouri Valley North Dakota State
95%
5. Jeweled Shillelagh Independent Notre Dame
95%
18. N/A Independent Notre Dame
95%
40. Rip Miller Trophy Independent Notre Dame
95%
45. Battle for the Megaphone Trophy Independent Notre Dame
95%
56. Catholics vs. Convicts Independent Notre Dame
95%
61. The Battle for the Shillelagh Trophy Independent Notre Dame
95%
81. Bayou Classic SWAC Grambling State
94%
22. Heartland Trophy Game Big Ten Iowa
94%
32. Cy-Hawk Game — Cy-Hawk Trophy Big Ten Iowa
94%
34. Floyd of Rosedale Big Ten Iowa
94%
44. Heroes Game — Heroes Trophy Big Ten Iowa
94%
67. N/A Big Ten Iowa
94%
99. 100 Miles of Hate Conference USA Middle Tennessee
94%
4. Commander-in-Chief's Trophy American Navy
94%
40. Rip Miller Trophy American Navy
94%
11. Third Saturday In October SEC Tennessee
94%
36. Third Saturday In September SEC Tennessee
94%
53. N/A SEC Tennessee
94%
75. Border Battle — Beer Barrel SEC Tennessee
94%
80. N/A SEC Tennessee
94%
19. Border War — War Drum Big 12 Kansas
93%
59. Sunflower Showdown — Governor's Cup Big 12 Kansas
93%
7. Florida Cup ACC Miami
93%
56. Catholics vs. Convicts ACC Miami
93%
58. Florida Cup — Seminole War Canoe ACC Miami
93%
83. Battle for The Victory Bell MAC Miami
93%
94. Battle of the Bricks MAC Miami
93%
10. Border Battle — Paul Bunyan's Axe Big Ten Wisconsin
93%
22. Heartland Trophy Game Big Ten Wisconsin
93%
10. Border Battle — Paul Bunyan's Axe Big Ten Minnesota
92%
34. Floyd of Rosedale Big Ten Minnesota
92%
51. Little Brown Jug Big Ten Minnesota
92%
23. Egg Bowl — The Golden Egg SEC Ole Miss
92%
43. Magnolia Bowl SEC Ole Miss
92%
24. Palmetto Bowl ACC Clemson
91%
52. The Bowden Bowl ACC Clemson
91%
55. N/A ACC Clemson
91%
76. N/A ACC Clemson
91%
92. Textile Bowl ACC Clemson
91%
31. Clean, Old Fashioned Hate — Governor's Cup ACC Georgia Tech
91%
20. The Game Ivy League Harvard
91%
32. Cy-Hawk Game — Cy-Hawk Trophy Big 12 Iowa State
91%
63. Farmageddon Big 12 Iowa State
91%
13. First Saturday In November SEC LSU
91%
43. Magnolia Bowl SEC LSU
91%
48. Battle for the Golden Boot SEC LSU
91%
64. N/A SEC LSU
91%
71. N/A SEC LSU
91%
100. Cowbells vs. Cajuns SEC LSU
91%
15. Lone Star Showdown SEC Texas A&M
91%
71. N/A SEC Texas A&M
91%
74. Battle of the Brazos SEC Texas A&M
91%
5. Jeweled Shillelagh Big Ten USC
91%
14. Crosstown Showdown — Victory Bell Big Ten USC
91%
62. N/A Big Ten USC
91%
68. The Weekender Big Ten USC
91%
20. The Game Ivy League Yale
91%
49. Old Oaken Bucket Big Ten Indiana
90%
21. Cascade Clash Big Ten Oregon
90%
27. Civil War — Platypus Trophy Big Ten Oregon
90%
24. Palmetto Bowl SEC South Carolina
90%
85. Border War SEC South Carolina
90%
21. Cascade Clash Big Ten Washington
90%
30. Apple Cup — Apple Cup Trophy Big Ten Washington
90%
28. Holy War — Beehive Boot Big 12 BYU
89%
8. N/A Big Ten Penn State
89%
37. Pennsylvania Rivalry — Old Ironsides Trophy Big Ten Penn State
89%
47. N/A Big Ten Penn State
89%
65. Land Grant Trophy Game Big Ten Penn State
89%
67. N/A Big Ten Penn State
89%
29. The Big Game — Stanford Axe ACC California
88%
66. The Bear Bowl ACC California
88%
23. Egg Bowl — The Golden Egg SEC Mississippi State
88%
100. Cowbells vs. Cajuns SEC Mississippi State
88%
19. Border War — War Drum SEC Missouri
88%
42. The South's Oldest Rivalry ACC North Carolina
87%
57. N/A ACC North Carolina
87%
77. Tobacco Road — Victory Bell ACC North Carolina
87%
82. BUTT Bowl — Texas Farm Bureau Insurance Shootout Trophy Big 12 Texas Tech
87%
14. Crosstown Showdown — Victory Bell Big Ten UCLA
87%
66. The Bear Bowl Big Ten UCLA
87%
72. N/A Big Ten UCLA
87%
28. Holy War — Beehive Boot Big 12 Utah
87%
33. Border War Big 12 Colorado
86%
91. Rocky Mountain Showdown — Centennial Cup Big 12 Colorado
86%
70. Land of Lincoln Trophy Big Ten Illinois
86%
84. Illibuck Trophy Big Ten Illinois
86%
59. Sunflower Showdown — Governor's Cup Big 12 Kansas State
86%
63. Farmageddon Big 12 Kansas State
86%
29. The Big Game — Stanford Axe ACC Stanford
86%
62. N/A ACC Stanford
86%
72. N/A ACC Stanford
86%
30. Apple Cup — Apple Cup Trophy Pac-12 Washington State
86%
73. N/A Pac-12 Washington State
86%
38. N/A SEC Arkansas
85%
48. Battle for the Golden Boot SEC Arkansas
85%
98. Battle Line Rivalry SEC Arkansas
85%
98. Battle Line Rivalry SEC Missouri
85%
6. N/A Big Ten Nebraska
85%
33. Border War Big Ten Nebraska
85%
44. Heroes Game — Heroes Trophy Big Ten Nebraska
85%
25. Bedlam — Bedlam Bell Big 12 Oklahoma State
85%
27. Civil War — Platypus Trophy Pac-12 Oregon State
85%
73. N/A Pac-12 Oregon State
85%
26. Backyard Brawl ACC Pittsburgh
85%
88. N/A ACC Pittsburgh
85%
42. The South's Oldest Rivalry ACC Virginia
85%
78. Commonwealth Clash — Commonwealth Cup ACC Virginia
85%
89. Tydings Memorial Game ACC Virginia
85%
26. Backyard Brawl Big 12 West Virginia
84%
54. The Duel in The Desert — Territorial Cup Big 12 Arizona
82%
54. The Duel in The Desert — Territorial Cup Big 12 Arizona State
81%
49. Old Oaken Bucket Big Ten Purdue
81%
61. The Battle for the Shillelagh Trophy Big Ten Purdue
81%
99. 100 Miles of Hate Conference USA Western Kentucky
80%
77. Tobacco Road — Victory Bell ACC Duke
79%
75. Border Battle — Beer Barrel SEC Kentucky
79%
79. Battle of the Bluegrass — Governor's Cup SEC Kentucky
79%
78. Commonwealth Clash — Commonwealth Cup ACC Virginia Tech
78%
57. N/A ACC NC State
77%
86. N/A ACC NC State
77%
92. Textile Bowl ACC NC State
77%
39. Dakota Marker Missouri Valley South Dakota State
76%
35. Bluebonnet Battle Big 12 Baylor
74%
74. Battle of the Brazos Big 12 Baylor
74%
82. BUTT Bowl — Texas Farm Bureau Insurance Shootout Trophy Big 12 Baylor
74%
70. Land of Lincoln Trophy Big Ten Northwestern
74%
35. Bluebonnet Battle Big 12 TCU
74%
46. Battle for the Iron Skillet Big 12 TCU
74%
79. Battle of the Bluegrass — Governor's Cup ACC Louisville
73%
80. N/A SEC Vanderbilt
73%
95. The Capital Cup CAA — NCAA FCS William & Mary
70%
46. Battle for the Iron Skillet ACC SMU
69%
89. Tydings Memorial Game Big Ten Maryland
68%
86. N/A ACC Wake Forest
65%
69. The Border War — Bronze Boot Mountain West Wyoming
64%
88. N/A ACC Syracuse
63%
60. The Brawl of the Wild — Great Divide Trophy Big Sky Montana
58%
96. Battle of I-25 Mountain West New Mexico
57%
87. Deeper Than Hate Sun Belt Georgia Southern
54%
83. Battle for The Victory Bell Big 12 Cincinnati
53%
60. The Brawl of the Wild — Great Divide Trophy Big Sky Montana State
52%
96. Battle of I-25 Conference USA New Mexico State
52%
97. The War on I-4 Big 12 UCF
50%
81. Bayou Classic SWAC Southern
48%
69. The Border War — Bronze Boot Mountain West Colorado State
43%
91. Rocky Mountain Showdown — Centennial Cup Mountain West Colorado State
43%
37. Pennsylvania Rivalry — Old Ironsides Trophy ACC Pittsburgh
43%
97. The War on I-4 AAC USF
43%
41. The Rivalry Patriot League Lehigh
40%
41. The Rivalry Patriot League Lafayette
38%
87. Deeper Than Hate Sun Belt Appalachian State
28%
68. The Weekender ACC California
24%
95. The Capital Cup CAA — NCAA FCS Richmond
12%
93. The Biggest Little Game In America NESCAC — NCAA Division III Amherst
8%
93. The Biggest Little Game In America NESCAC — NCAA Division III Williams
8%
90. N/A OAC — NCAA Division III Mount Union
5%
90. N/A WIAC — NCAA Division III Wisconsin Whitewater
5%
No matching quizzes found
Score Distribution
Percent of People with Each Score
Percentile by Number Answered
Your Score History
You have not taken this quiz